| 000 | 00781nam a2200301Ia 4500 | ||
|---|---|---|---|
| 001 | 14321 | ||
| 008 | 191123s9999 xx 000 0 und d | ||
| 041 | _aspa | ||
| 044 | _aag | ||
| 100 | _aMolina, Isaura, | ||
| 245 | 0 | _aMurales de Antonio Berni en el cine general San Martin de Avellaneda. | |
| 260 |
_aBuenos Aires : _bAcademia Nacional de Bellas Artes, _c2000. |
||
| 300 |
_a38 p. _bilustrado |
||
| 500 | _arelevamiento de las pinturas en el cine de Avellaneda | ||
| 504 | _abibliografia p. 36 | ||
| 650 | _aBERNI, ANTONIO | ||
| 650 | _aMURALES | ||
| 700 | _aRadovanovic, Elisa, | ||
| 902 | _aM | ||
| 903 | _am | ||
| 904 | _am | ||
| 907 | _aimpreso | ||
| 911 | _ailustrado | ||
| 912 | _a2000 | ||
| 942 | _cLIBRO | ||
| 999 |
_c11950 _d11950 |
||
| 550 | _ailustrado | ||